<?xml version="1.0" encoding="UTF-8"?>
<record
    xmlns:xsi="http://www.w3.org/2001/XMLSchema-instance"
    xsi:schemaLocation="http://www.loc.gov/MARC21/slim http://www.loc.gov/standards/marcxml/schema/MARC21slim.xsd"
    xmlns="http://www.loc.gov/MARC21/slim">

  <leader>00899cam a22002411  4500</leader>
  <controlfield tag="001">f  01002159 </controlfield>
  <controlfield tag="003">DLC</controlfield>
  <controlfield tag="005">20260227111242.0</controlfield>
  <controlfield tag="008">850410s1892    fr acf        000 0 fre  </controlfield>
  <datafield tag="010" ind1=" " ind2=" ">
    <subfield code="a">f  01002159 </subfield>
  </datafield>
  <datafield tag="035" ind1=" " ind2=" ">
    <subfield code="a">(OCoLC)23429566</subfield>
  </datafield>
  <datafield tag="040" ind1=" " ind2=" ">
    <subfield code="a">DLC</subfield>
    <subfield code="c">MiU</subfield>
    <subfield code="d">DLC</subfield>
  </datafield>
  <datafield tag="042" ind1=" " ind2=" ">
    <subfield code="a">premarc</subfield>
  </datafield>
  <datafield tag="050" ind1="0" ind2="0">
    <subfield code="a">DC33.5</subfield>
    <subfield code="b">.B6</subfield>
  </datafield>
  <datafield tag="051" ind1=" " ind2=" ">
    <subfield code="a">DC33.5</subfield>
    <subfield code="b">.B6</subfield>
    <subfield code="c">Copy 2.  No. 741</subfield>
  </datafield>
  <datafield tag="100" ind1="1" ind2=" ">
    <subfield code="a">Bouchot, Henri Francois Xavier Marie,</subfield>
    <subfield code="d">1849-1906.</subfield>
  </datafield>
  <datafield tag="245" ind1="1" ind2="3">
    <subfield code="a">Le luxe fran&#xE7;ais.</subfield>
    <subfield code="b">L'empire,</subfield>
    <subfield code="c">par Henri Bouchot; illustration documentaire d'apr&#xE8;s les originaux de l'&#xE9;poque.</subfield>
  </datafield>
  <datafield tag="260" ind1=" " ind2=" ">
    <subfield code="a">Paris,</subfield>
    <subfield code="b">Librairie illustr&#xE9;</subfield>
    <subfield code="c">[1892]</subfield>
  </datafield>
  <datafield tag="300" ind1=" " ind2=" ">
    <subfield code="a">3 p. l., iii, 214 p., 1 l.</subfield>
    <subfield code="b">front., illus., plates (partly col.) ports.</subfield>
    <subfield code="c">30 cm.</subfield>
  </datafield>
  <datafield tag="500" ind1=" " ind2=" ">
    <subfield code="a">No. 844 of an ed. of 1,000 copies on "papier v&#xE9;lin."</subfield>
  </datafield>
  <datafield tag="651" ind1=" " ind2="0">
    <subfield code="a">France</subfield>
    <subfield code="x">Social life and customs</subfield>
  </datafield>
  <datafield tag="651" ind1=" " ind2="0">
    <subfield code="a">France</subfield>
    <subfield code="x">History</subfield>
    <subfield code="y">Consulate and First Empire, 1799-1815</subfield>
  </datafield>
  <datafield tag="999" ind1=" " ind2=" ">
    <subfield code="c">22734</subfield>
    <subfield code="d">22734</subfield>
  </datafield>
</record>
